Protimonopolné regulovanie vo vybranom odvetví hospodárstva Slovenskej republiky bakalárska práca

Salvato in:
Dettagli Bibliografici
Autore principale: Bindas, Bohdan
Ente Autore: Národohospodárska fakulta EU. Katedra ekonómie
Altri autori: Novák, Marcel, 1979-
Natura: Libro
Lingua:slovacco
Pubblicazione: Bratislava 2018
Tags: Aggiungi Tag
Nessun Tag, puoi essere il primo ad aggiungerne!!

MARC

LEADER 00000nbm a2200000 4500
001 0246227
005 20181213102255.5
041 0 |a slo 
044 |a SK 
245 1 0 |a Protimonopolné regulovanie vo vybranom odvetví hospodárstva Slovenskej republiky  |b bakalárska práca  |c Bohdan Bindas ; školiteľ: Marcel Novák 
264 1 |a Bratislava  |c 2018 
300 |a 43 s. 
100 1 |a Bindas, Bohdan 
700 1 |a Novák, Marcel, 1979- 
710 2 |a Národohospodárska fakulta EU. Katedra ekonómie